'P' Logos Quiz Stats

 Plays Quiz Updated Oct 7, 2015

Also try: 'N' Logos
Challenge
Share
Tweet
Score 0/25 Timer 05:00
4 Plays Today
% Correct
Pepsi
99.5%
Pizza Hut
97.7%
Pokémon
97.3%
Playboy
97.2%
Puma
96.4%
Pringles
94.5%
Playstation
92.5%
Pittsburgh Pirates
87%
New England Patriots
85.1%
Carolina Panthers
82.9%
Porsche
80.5%
Pinterest
76.5%
PBS
73.1%
% Correct
Pillsbury
63%
New Orleans Pelicans
59.2%
Peugeot
44.4%
Prince
43.3%
Pirelli
37.3%
PSG
26.9%
Picasa
19.4%
Philips
18.5%
Peterbilt
17.2%
Photobucket
7.8%
Playmobil
7.7%
Prezi
4%

You're not logged in!

Compare scores with friends on all Sporcle quizzes.
Join for Free
OR
Log In

You Might Also Like...

Show Comments

Extras

Top Quizzes Today


Score Distribution

Your Account Isn't Verified!

In order to create a playlist on Sporcle, you need to verify the email address you used during registration. Go to your Sporcle Settings to finish the process.

Report this User

Report this user for behavior that violates our Community Guidelines.

Details: